Zemědělská ekonomika Vědecký časopis

Salvato in:
Dettagli Bibliografici
Natura: Periodico
Lingua:ceco
Pubblicazione: Praha Ústav vědeckotechnických informací pro zemědelství 1990
Soggetti:
Tags: Aggiungi Tag
Nessun Tag, puoi essere il primo ad aggiungerne!!

MARC

LEADER 00000nas2a2200000 4500
001 s006379
005 20180117152309.2
022 |a 0139-570X 
041 0 |a cze 
044 |a CZ 
245 1 0 |a Zemědělská ekonomika  |b Vědecký časopis 
264 1 |a Praha  |b Ústav vědeckotechnických informací pro zemědelství  |c 1990 
300 |a 2 zv. 
773 0 |w eu_un_cat*s122627 
610 2 0 |a poľnohospodárstvo